Presidents by Year of Birth - Statistics

General Stats
  • This quiz has been taken 83 times
  • The average score is 23 of 43
Answer Stats
Hint Answer % Correct
George Washington 1732
83%
Barack Obama 1961
79%
Bill Clinton 1946
76%
George W. Bush 1946
76%
Jimmy Carter 1924
74%
George H.W. Bush 1924
74%
Ronald Reagen 1911
71%
John F. Kennedy 1917
71%
John Adams 1735
69%
Thomas Jefferson 1743
67%
Franklin D. Roosevelt 1882
67%
Lyndon B. Johnson 1908
67%
Richard M. Nixon 1913
67%
Dwight D. Eisenhower 1890
64%
Andrew Jackson 1767
62%
Gerald R. Ford 1913
62%
James Madison 1751
60%
James Monroe 1758
60%
John Quincy Adams 1767
60%
Harry S. Truman 1884
60%
Abraham Lincoln 1809
57%
William Henry Harrison 1773
52%
Martin Van Buren 1782
52%
Theodore Roosevelt 1858
45%
Warren G. Harding 1865
45%
James Buchanan 1791
43%
William McKinley 1843
43%
Woodrow Wilson 1856
43%
Herbert Hoover 1874
43%
John Tyler 1790
40%
James K Polk 1795
40%
Millard Fillmore 1800
40%
Franklin Pierce 1804
40%
Ulysses Grant 1822
40%
James Garfield 1831
40%
William H. Taft 1857
40%
Calvin Coolidge 1872
40%
Zachary Taylor 1784
38%
Benjamin Harrison 1833
38%
Andrew Johnson 1808
36%
Rutherford Hayes 1822
36%
Chester Arthur 1830
36%
Grover Cleveland 1837
36%
No matching quizzes found
Score Distribution
Percent of People with Each Score
Percentile by Number Answered
Your Score History
You have not taken this quiz